Inside Japan : Wealth, work and power in the New Japanese Empire

1. Place: The Edge ogg the map; 2. People: the japanese and the rest...10. War and Peace

Wedi'i Gadw mewn:
Manylion Llyfryddiaeth
Prif Awdur: Tasker, Peter
Fformat: Llyfr
Iaith:Undetermined
Cyhoeddwyd: London, Eng. Sidgwick & JacKson 1987
Pynciau:
Tagiau: Ychwanegu Tag
Dim Tagiau, Byddwch y cyntaf i dagio'r cofnod hwn!
Thư viện lưu trữ: Trung tâm Học liệu Trường Đại học Cần Thơ
LEADER 00708nam a2200217Ia 4500
001 CTU_114882
008 210402s9999 xx 000 0 und d
082 |a 952.048 
082 |b T198 
100 |a Tasker, Peter 
245 0 |a Inside Japan : 
245 0 |b Wealth, work and power in the New Japanese Empire 
245 0 |c Peter Tasker 
260 |a London, Eng. 
260 |b Sidgwick & JacKson 
260 |c 1987 
520 |a 1. Place: The Edge ogg the map; 2. People: the japanese and the rest...10. War and Peace 
650 |a Japan,Nhật Bản 
650 |x Politics and government,Chính trị và chính phủ 
904 |i Minhg 
980 |a Trung tâm Học liệu Trường Đại học Cần Thơ